00000000nam##2200000za#4500
0019.681667
003CaOODSP
00520200330071553
007ta
008150407|2001||||xxc|||||     f|0| 0 fre|d
020 |a0-660-96617-4
040 |aCaOODSP|bfre
043 |an-cn---
0861 |aEn40-645/2001F
1101 |aCanada. |bEnvironnement Canada. |bService de la protection de l'environnement.
24510|aDirectives pour la déclaration et les essais de substances nouvelles : |bproduits chimiques et polymères: en conformité avec le Règlement sur les renseignements concernant les substances nouvelles de la Loi canadienne sur la protection de l'environnement (1999)
260 |aOttawa - Ontario : |bEnvironnement Canada. |c2001.
300 |a232p. : |bfigures ; |c28 cm.
500 |aDonnées de catalogage avant publication (Canada) imprimées dans cette publication.
546 |aAbstract in English
563 |aReliure à spirale
590 |a01-51|b2001-12-28
69107|aSubstance chimique|2gcpds
69107|aTest|2gcpds
77508|tGuidelines for the notification and testing of new substances: chemicals and polymers |w(CaOODSP)9.648379
7760#|tDirectives pour la déclaration et les essais de substances nouvelles : |w(CaOODSP)9.640298
986 |aEPS M-454